000 00685nam a2200229Ia 4500
003 OSt
005 20251017144228.0
008 221004b |||||||| |||| 00| 0 eng d
020 _a9780415440738 (pbk)
037 _cTB
040 _aCRL
_cCRL
_beng
041 _2eng
_aeng
084 _aP99(Y:386) P0
_qAL
100 _aCobley Paul Ed.
_9848693
245 0 _aRoutledge companion to semiotics
260 _aLondon:
_bRoutledge UK,
_c2010.
300 _axxii,398p.
_ccm.
650 _aLINGUISTICS
_9848694
700 _e(Editor)
942 _hP99(:386) P0
_cTB
_2cc
_n0
999 _c969157
_d969157